Rendelet a munkásotthonok létesítéséről
Elmentve itt :
| Dokumentumtípus: | Cikk |
|---|---|
| Megjelent: |
1918-11-08
|
| Sorozat: | Délmagyarország
7 No. 268 |
| Kulcsszavak: | Linder Béla, Munkásotthon létesítése Magyarország rendelet 1918 |
| Online Access: | http://dmarchiv.bibl.u-szeged.hu/44248 |
| LEADER | 00469nab a2200145 i 4500 | ||
|---|---|---|---|
| 001 | delm44248 | ||
| 005 | 20180927131939.0 | ||
| 008 | 180927s1918 hu o 0|| hun d | ||
| 040 | |a SZTE Délmagyarország Archívum |b hun | ||
| 041 | |a hun | ||
| 245 | 0 | 0 | |a Rendelet a munkásotthonok létesítéséről |h [elektronikus dokumentum] |
| 260 | |c 1918-11-08 | ||
| 300 | |a 6 | ||
| 490 | 0 | |a Délmagyarország |v 7 No. 268 | |
| 695 | |a Linder Béla, Munkásotthon létesítése Magyarország rendelet 1918 | ||